000 01184cam a2200349 a 4500
001 2735
003 FISKH
005 20240111135555.0
008 980212s1998 nyua a 000 1 eng
010 _a 98012693
020 _a0679887008 (trade)
020 _a9781412784535
020 _a0679987002 (glb)
040 _aDLC
_cDLC
_dDLC
_beng
042 _alcac
050 0 0 _aPZ7.A37735
_bFl 1998
082 0 0 _a[E]
_221
100 1 _aAlexander, Liza.
245 1 0 _aFlutter by, butterfly /
_cby Liza Alexander ; Adopted by Susan Rich Brooke ; illustrated by David Prebenna ; Elmo performed by Kevin Clash
260 _aIllinois :
_bPil Books,
_c2008.
300 _a20 unnumbered pages :
_c32 cm
_bColor illustrations ;
_eOne CD Rom
440 0 _aElmo's world
504 _aG
520 _aWhen a butterfly unexpectedly flutters by and surprises Elmo, it sets off a chain reaction of funny accidents.
521 8 _a370
_bLexile estimate
521 8 _aG
_bRaz-Plus
650 1 _aButterflies
_xFiction.
650 1 _aPuppets
_xFiction.
700 1 _aPrebenna, David,
_eillustrator
906 _a7
_bcbc
_corignew
_d1
_eocip
_f19
_gy-gencatlg
942 _2ddc
_cBK
_n0
999 _c2735
_d2735